Statistiques concernant Pays où on peut skier !

Cliquez ici pour prendre le quiz!

Statistiques générales

  • Ce quiz a été pris 455 fois
  • Le résultat moyen est 24 sur 32

Statistiques - réponses

ContinentPays% Correct
France
99%
Amérique du nordCanada
98%
Suisse
96%
Chine
94%
Russie
94%
Autriche
93%
EuropeAllemagne
92%
Amérique du sudArgentine
92%
Etats Unis
92%
Espagne
91%
Italie
91%
Chili
90%
Japon
90%
Norvège
90%
Suède
90%
Finlande
88%
OceanieAustralie
85%
Nouvelle Zelande
84%
Perou
81%
Inde
78%
Nepal
73%
Andorre
71%
AfriqueAfrique du sud
68%
Corée du sud
68%
Maroc
62%
Liechtenstein
55%
Pakistan
55%
Roumanie
49%
AsieBhoutan
44%
Tanzanie
44%
Liban
17%
Ecosse
12%

Distribution des résultats

Percentile par nombre de réponses

% des personnes avec chaque résultat

Votre développement - résultats

Vous n’avez pas pris ce quiz